| 000 | 00375nam a2200133Ia 4500 | ||
|---|---|---|---|
| 005 | 20260328101450.0 | ||
| 008 | 260328s9999||||xx |||||||||||||| ||und|| | ||
| 100 | _aKnapp, Ronald G. | ||
| 245 | 0 |
_aHouse Home Family : _b Living and Being Chinese / _cRonald G. Knapp |
|
| 260 | _bUniversity of Hawaii Press | ||
| 300 | _a453 p. | ||
| 650 | _aARQUITECTURA VERNACULAR | ||
| 942 | _cBK | ||
| 999 |
_c8603 _d8603 |
||